00478nmm a22001457a 450000500170000000800410001704100080005808200110006610000360007724501550011326000090026865000150027765000220029265000180031420220617090319.0150728b xxu||||| |||| 00| 0 spa d aspa aMD 169 aGarzaro Sánchez, Sara María aInforme de Práctica Supervisada realizado en el Centro Radiológico de la Clínica de Especialidades Odontológicas Dr. Juan Carlos Coto Picado  c2013 aCOSTA RICA aMECÁNICA DENTAL aBIOMECÁNICA